Đại thắng mùa xuân
Giới thiệu sự lãnh đạo sáng suốt của Bộ chính trị Trung ương Đảng, quân uỷ Trung ương, sự đấu trí, tài thao lược, tư tưởng tiến công giành chiến thắng trong cuộc đại thắng mùa xuân 1975
Na minha lista:
| Autor principal: | |
|---|---|
| Formato: | Livro |
| Idioma: | Undetermined |
| Publicado em: |
Hà Nội
Chính trị Quốc gia
2005
|
| Assuntos: | |
| Tags: |
Adicionar Tag
Sem tags, seja o primeiro a adicionar uma tag!
|
| Thư viện lưu trữ: | Trung tâm Học liệu Trường Đại học Cần Thơ |
|---|
| LEADER | 00882nam a2200217Ia 4500 | ||
|---|---|---|---|
| 001 | CTU_101424 | ||
| 008 | 210402s9999 xx 000 0 und d | ||
| 020 | |c 54500 | ||
| 082 | |a 959.7043 | ||
| 082 | |b D513 | ||
| 100 | |a Văn, Tiến Dũng | ||
| 245 | 0 | |a Đại thắng mùa xuân | |
| 245 | 0 | |c Văn Tiến Dũng, Hồng Hà thể hiện | |
| 260 | |a Hà Nội | ||
| 260 | |b Chính trị Quốc gia | ||
| 260 | |c 2005 | ||
| 520 | |a Giới thiệu sự lãnh đạo sáng suốt của Bộ chính trị Trung ương Đảng, quân uỷ Trung ương, sự đấu trí, tài thao lược, tư tưởng tiến công giành chiến thắng trong cuộc đại thắng mùa xuân 1975 | ||
| 650 | |a Vietnam | ||
| 650 | |x History | ||
| 904 | |i Hiếu | ||
| 980 | |a Trung tâm Học liệu Trường Đại học Cần Thơ | ||